1522 1809 1026 1936 1625 1120 1663 1273 1568 1598 1826 1170 1187 1144 1863 1511 1304 1165 1839 1828 1450 1139 1098 1864 1671 1251 1199 1073 1871 1378 1711 1117 1208 1346 1385 1511 1121 1947 1063 1887 1272 1231 1560 1859 1523 1164 1124 1250 1565 1380 1770 1785 1542 1110 1542 1340 1135 1286 1878 1125 1381 1635 1572 1839 1481 1086 1110 1141 1603 1258 1249 1960 1170 1079 1391 1448 1495 1278 1969 1203 1336 1701 1161 1100 1093 1910 1958 1727 1115 1176 1011 1279 1708 1572 1675 1126 1065 1458 1669 BCNSPRNW ULIB Ver.6.0+V

เปลี่ยนเป็นภาษาไทย

Change to English
 แสดงรายละเอียดบรรณานุกรม
  กลับหน้าหลัก

Brief Record : Get Marc (ISO 2709) : E-mail record : QR code < ปิดหน้าต่าง
LEADER : 00000nam 2200000uu 4500
001    13399124370
003     ULIB
008    150527s2558||||th 000 0 tha d
099    ^aวจ.WL704^bน695ก
100 0  ^aนิสา ครุฑจันทร์, จิราพร ศรีพิบูลย์ และธีริศา สินาคม
245 00 ^aการพัฒนาบทเรียน e-learning เรื่อง การจัดการความเจ็บปวดสำหรับนักศึกษาพยาบาลศาสตรบัณฑิต วิทยาลัยบรมราชชนนี สวรรค์ประชารักษ์ นครสวรรค์/^cนิสา ครุฑจันทร์, จิราพร ศรีพิบูลย์ และธีริศา สินาคม
246    ^ahe Development of e-learning program on pain management of nursing student, Boromarajonani,College of nursing, Sawanpracharak Nakhonsawan
260    ^aนครสวรรค์:^bวิทยาลัยบรมราชชนนี สวรรค์ประชารักษ์ นครสวรรค์,^c
300    ^a79 หน้า
650  0 ^aบทเรียน e-learningู^xวิจัย
650  0 ^aการจัดการความปวด^xวิจัย
945    ^p0^l0^i039451
999    ^aเกษร โพธิ์สุวรรณ
รายการนี้ยังไม่มีแท็ก
คุณยังไม่ได้ล็อกอิน คุณสามารถมีกิจกรรมร่วมกับเว็บไซต์ได้ แต่ต้องล็อกอินก่อน ::
  ล็อกอิน

รายการสื่อสารสนเทศ

ลำดับที่ ประเภท เลขเรียก/บาร์โค้ด สถานที่ สถานะ
1. งานวิจัย
งานวิจัย
วจ.WL704 น695ก ฉ.1 
  Barcode: 039451
ห้องสมุดวิทยาเขตสวรรค์ประชารักษ์
►วิจัย
บนชั้น

BibComment


ยังไม่เคยถูกคอมเมนท์

คอมเมนท์ทรัพยากรรายการนี้
  คอมเมนท์: การพัฒนาบทเรียน ..


 Copyright 2026. Bcnsprnw @Library